Biblioteca y Centro de Documentación

El despido del trabajador extranjero en situación irregular (Registro nro. 47500)

Detalles MARC
000 -CABECERA
Longitud fija campo de control 01125naa a2200277 c 4500
001 - NÚMERO DE CONTROL
Número de control 47500
003 - IDENTIFICADOR DE NÚMERO DE CONTROL
Identificador del número de control ES-MaCES
005 - FECHA Y HORA DE LA ÚLTIMA TRANSACCIÓN
Fecha y hora de la última transacción 20160420134248.0
008 - CAMPO FIJO DE DESCRIPCIÓN FIJA--INFORMACIÓN GENERAL
Códigos de información de longitud fija   160420s2016 sp ||||| t||||||| ||spa d
040 ## - FUENTE DE CATALOGACIÓN
Centro catalogador de origen ES-MaCES
Lengua de catalogación spa
Centro transcriptor ES-MaCES
Centro modificado ES-MaCES
100 1# - ENCABEZAMIENTO PRINCIPAL--NOMBRE PERSONAL
9 (RLIN) 18941
Nombre de persona Montoya Medina, David
245 13 - MENCIÓN DE TÍTULO
Título El despido del trabajador extranjero en situación irregular
Resto del título = The dismissal of foreign workers in an irregular situation
Mención de responsabilidad, etc. David Montoya Medina
500 ## - NOTA GENERAL
Nota general Resumen
504 ## - NOTA DE BIBLIOGRAFÍA, ETC.
Nota de bibliografía, etc. Bibliografía: p. 56-58
650 #4 - ASIENTO SECUNDARIO DE MATERIA--TÉRMINO DE MATERIA
9 (RLIN) 30619
Término de materia o nombre geográfico como elemento inicial inmigración ilegal
650 #4 - ASIENTO SECUNDARIO DE MATERIA--TÉRMINO DE MATERIA
9 (RLIN) 29188
Término de materia o nombre geográfico como elemento inicial migrante irregular
650 #4 - ASIENTO SECUNDARIO DE MATERIA--TÉRMINO DE MATERIA
9 (RLIN) 28408
Término de materia o nombre geográfico como elemento inicial trabajador migrante
650 #4 - ASIENTO SECUNDARIO DE MATERIA--TÉRMINO DE MATERIA
9 (RLIN) 29563
Término de materia o nombre geográfico como elemento inicial trabajo clandestino
650 #4 - ASIENTO SECUNDARIO DE MATERIA--TÉRMINO DE MATERIA
9 (RLIN) 28352
Término de materia o nombre geográfico como elemento inicial despido
650 #4 - ASIENTO SECUNDARIO DE MATERIA--TÉRMINO DE MATERIA
9 (RLIN) 30703
Término de materia o nombre geográfico como elemento inicial suspensión del contrato de trabajo
650 #4 - ASIENTO SECUNDARIO DE MATERIA--TÉRMINO DE MATERIA
9 (RLIN) 29829
Término de materia o nombre geográfico como elemento inicial permiso de residencia
653 10 - TÉRMINO DE INDEXACIÓN--NO CONTROLADO
Término no controlado Relaciones laborales-Empleo
773 0# - ENTRADA DE DOCUMENTO FUENTE
Itemnumber del ítem fuente 84316
Lugar, editor y fecha de publicación Madrid (Ignacio Ellacuría, 3, 28017) Civitas
Otro identificador del documento 087218
Título Nueva revista española de Derecho del trabajo
Número de control del registro relacionado (ES-MaCES)25060
Parte(s) relacionada(s) n. 184 (feb. 2016) {10040 R. 087218} ;p. 29-58
902 ## - CES. TIPO DE DOCUMENTO
Tipodoc (006$c Sirtex) ART Artículo de revista
942 ## - ELEMENTOS KOHA
Fuente de clasificaión o esquema Clasificación propia del CES
Koha [por defecto] tipo de item Artículos (1982-2017)
Parte de clasificación Relaciones Laborales y Rel. Lab.- Empleo

No hay ítems disponibles.

© CES, Consejo Económico y Social de España 2021